Marvel cinematic Multiverse quiz - Statistics

General Stats
  • This quiz has been taken 24 times
    16 since last reset
  • The average score is 57 of 176
Answer Stats
Answer % Correct
Captain America the first Avenger
92%
Iron Man
92%
Iron Man 2
92%
Spider-Man
92%
Spider Man
92%
Avengers
85%
Captain America Civil war
85%
Iron Man 3
85%
Spider Man Far From home
85%
Thor
85%
Thor Ragnarok
85%
Avengers age of Ultron
77%
Avengers Endgame
77%
Avengers Infinity war
77%
Black Panther
77%
Black Widow
77%
Captain America and the winter soldier
77%
Doctor Strange
77%
Guardians of the galaxy
77%
Hulk
77%
Spider Man 2
77%
Spider Man Homecoming
77%
Spider Man no way home
77%
The Incredible Hulk
77%
Thor the Dark world
77%
Ant Man
69%
Ant man and the wasp
69%
Guardians of the galaxy 2
69%
Guardians of the galaxy 3
69%
Spider Man 3
69%
Thor love and thunder
69%
Ant man and the wasp Quantumania
62%
Black Panther Wakanda forever
62%
Blade
62%
Captain Marvel
62%
Dr strange
62%
Fantastic 4
62%
Hawkeye
62%
She hulk
62%
The amazing Spider Man 2
62%
The Marvels
62%
WandaVision
62%
X-men
62%
Daredevil
54%
Deadpool
54%
Deadpool 2
54%
Eternals
54%
Loki
54%
Shang chi
54%
Spider Man into the spider verse
54%
Agents of the shield
46%
Deadpool 3
46%
Doctor Strange Multiverse of madness
46%
Falcon and the winter soldier
46%
Secret Invasion
46%
Avengers secret wars
38%
Blade 2
38%
I am Groot
38%
Moonknight
38%
Punisher
38%
The punisher
38%
The Wolverine
38%
Venom
38%
Venom let there be carnage
38%
X2
38%
X-men apocalypse
38%
X-men dark phoenix
38%
Avengers Kang dynasty
31%
Echo
31%
Fantastic 4 rise of the Silver surfer
31%
Ghost rider
31%
Iron Fist
31%
Logan
31%
Morbius
31%
Ms. marvel
31%
Spider Man across the spider verse
31%
The new mutants
31%
X-men days of future past
31%
X-men first class
31%
A funny thing happened on the way to Thor's hammer
23%
Agent carter
23%
Blade 1
23%
Blade Trinity
23%
Howard the duck
23%
Elektra
23%
Fant4stic
23%
Inhumans
23%
Jessica jones
23%
Luke cage
23%
Runaways
23%
Spider Man 4
23%
Spider man freshman year
23%
Team Thor
23%
The amazing Spider Man 1
23%
Wakanda
23%
Werewolf by night
23%
What if?
23%
X-men last stand
23%
X-men origins wolverine
23%
Agatha coven of chaos
15%
All hail the king
15%
Captain America new world order
15%
Cloak and dagger
15%
Craven the hunter
15%
Daredevil 2
15%
Gambit
15%
Ghost rider spirit of vengeance
15%
Guardians of the galaxy Christmas special
15%
Helstrom
15%
Hulk 2
15%
Item 47
15%
Legion
15%
Madame web
15%
Marvel legends
15%
Mutant X
15%
Nova
15%
Punisher warzone
15%
Spider Man beyond the spider verse
15%
Spider Woman
15%
Team Darryl
15%
The amazing Spider Man 3
15%
The defenders
15%
The gifted
15%
Thunderbolts
15%
Venom 3
15%
Daredevil born again
8%
Iron heart
8%
Marvel assemble
8%
M.o.d.o.k
8%
Once upon a Deadpool
8%
Silver surfer
8%
SpiderWoman
8%
Stan lee
8%
The consultant
8%
Armour wars
0%
Assembling a universe
0%
Behind the Mask
0%
Blade house of Chthon
0%
Blade tv series
0%
Daredevil Tv series
0%
Eternals 2
0%
Expanding the universe
0%
Fantastic 4 3
0%
Fantastic 4 animated series
0%
Ghost rider 3
0%
Japanese spiderman movie
0%
Man thing
0%
Marvel 75 years From Plump to Pop!
0%
Marvels Spiderman
0%
Marvel ultimate comics
0%
M power
0%
Namor
0%
Nick fury agent of shield
0%
Punisher 2: war zone
0%
Rocket and Groot
0%
Shang chi 2
0%
Silk
0%
Spiderman 1967
0%
Spiderman 1994
0%
Spiderman and his amazing friends
0%
Spider man sequel
0%
Spider man unlimited
0%
Stan lee's mutants monsters and marvels
0%
The incredible hulk series
0%
The sinister six
0%
The spectacular spider man
0%
Ultimate Spiderman
0%
Vision quest
0%
Voices rising the music of Wakanda forever
0%
Wonder man
0%
X-Men origins Magneto
0%
X-men rogue cut
0%
Zombies
0%
No matching quizzes found
Score Distribution
Percent of People with Each Score
Percentile by Number Answered
Your Score History
You have not taken this quiz since the last reset